000 01147nam0a2200277 4500
001 RU\NLR\BIBL_A\022674988
005 20260406141851.0
035 _a(NLR Aleph) 022674988
090 _a13472946
_c13472946
100 _a20251128d1951 m y0rusy50 ca
101 0 _atyv
_crus
102 _aRU
105 _ay z 000 y
181 0 _ai
_baxxe
182 0 _an
200 1 _aВКП(б)-ниң XVI съездизинге төп комитеттиң политиктиг отчёду
_e1930 чылдың июнь 27
_fИ. В. Сталин
_gочулдурган С. Сюрюн-оол
203 _aТекст
_bвизуальный
_cнепосредственный
210 _aКызыл
_cТыва областың ном үндүрер чери
_d1951
215 _a161, [2] с.
_d20
541 1 _aПолитический отчет на XVI съезде ВКП(б)
_zrus
_e1930 чылдың июнь 27
686 1 _aФ61(2)11
700 1 _4070
_8rus
_7ca
_aСталин
_bИ. В.
_f1879-1953
_gИосиф Виссарионович
_3RU\NLR\AUTH\773464
_9113460
702 1 _aСюрюн-оол
_bС.
_4730
942 _cBOOK
980 _aNB